|
|
|
|
| LEADER |
00656naa a2200181 i 4500 |
| 001 |
misc37128 |
| 005 |
20200430142226.0 |
| 008 |
180517s2007 hu o 0|| hun d |
| 040 |
|
|
|a SZTE Miscellanea Repozitórium
|b hun
|
| 041 |
|
|
|a hun
|
| 100 |
1 |
|
|a Martin Henri-Jean
|
| 245 |
1 |
2 |
|a A könyves mesterségek rendszere. Párizs szerepe a könyvforgalomban
|h [elektronikus dokumentum] /
|c Martin Henri-Jean
|
| 260 |
|
|
|c 2007
|
| 300 |
|
|
|a 161-193
|
| 490 |
0 |
|
|a A könyves kultúra XIV-XVII. század
|v 3
|
| 695 |
|
|
|a Könyvkiadás - Párizs - 16. sz.
|
| 700 |
0 |
1 |
|a Héjjas Eszter
|
| 856 |
4 |
0 |
|u http://misc.bibl.u-szeged.hu/37128/1/konyvkult_003_161-193.pdf
|z Dokumentum-elérés
|